Tuláčik a Klára : [prvné čítanie] /

Hlavní autor: Groch, Erik, 1957-
Další autoři: Paľo, Ľuboslav, 1968-
Jazyk: Slovenština
Vydáno: Košice : Tichá Voda, 2002
Vydání: 1. vyd.
Edice: Knižná dieľňa Timotej
Témata:
Fyzický popis: 77 s. : barev. il. ; 24 cm
Knihy
Uloženo v:
LEADER 01292nam a2200361 a 4500
001 001392197
003 CZ BrMZK
005 20140623083107.0
007 ta
008 140604s2002 xo a b 000 j slo
020 |a 80-88849-33-0  |q (váz.) 
040 |a BOA001  |b cze 
072 7 |a 821.162.4  |x Slovenská literatura  |2 Konspekt  |9 25 
072 7 |a 821-93  |x Literatura pro děti a mládež (beletrie)  |2 Konspekt  |9 26 
080 |a 821.162.4-32  |2 MRF 
080 |a 821-93  |2 MRF 
080 |a (0:82-32)  |2 MRF 
100 1 |a Groch, Erik,  |d 1957-  |7 jn20010602793  |4 aut 
245 1 0 |a Tuláčik a Klára :  |b [prvné čítanie] /  |c napísal Erik Jakub Groch ; namaľoval Ľuboslav Paľo 
250 |a 1. vyd. 
260 |a Košice :  |b Tichá Voda,  |c 2002 
300 |a 77 s. :  |b barev. il. ;  |c 24 cm 
490 1 |a Knižná dieľňa Timotej 
655 7 |a slovenské příběhy  |7 fd183398  |2 czenas 
655 7 |a publikace pro děti  |7 fd133156  |2 czenas 
655 9 |a Slovak stories  |2 eczenas 
655 9 |a children's literature  |2 eczenas 
700 1 |a Paľo, Ľuboslav,  |d 1968-  |7 mzk2005317739  |4 ill 
830 0 |a Knižná dieľňa Timotej 
910 |a BOA001  |b 2-1328.237 
990 |a BK 
991 |b 201406  |e db 
996 7 |b 2610593409  |c 2-1328.237  |l MZK  |r Sklad / do 1 hodiny  |n 0  |p dar  |w 001427359  |u 000010  |a 1  |e BOA001  |j MZK50  |s A